El sistema escolar y la profesión docente

Uloženo v:
Podrobná bibliografie
Hlavní autoři: Cerda, Ana María (Autor), Silva, María de la Luz (Autor)
Další autoři: Núñez Prieto, Iván (autor)
Médium: Kniha
Jazyk:španělština
Vydáno: Santiago PIIE 1991
Témata:
Tagy: Přidat tag
Žádné tagy, Buďte první, kdo vytvoří štítek k tomuto záznamu!

MARC

LEADER 00000nam a2200000 a 4500
001 UCW7162
003 CL-VaPUC
008 920914e19910000CL |||||||||||||||||spa|d
082 0 4 |a 371.1  |b CER  |2 21 
100 0 |a Cerda, Ana María  |e author  |9 312292 
700 0 |a Silva, María de la Luz  |e author  |9 312293 
700 |a Núñez Prieto, Iván  |e autor  |9 486630 
245 1 3 |a El sistema escolar y la profesión docente 
300 |a 189 p 
942 |c BK 
945 |d 19920914 00:00:00 
260 |a Santiago  |b PIIE  |c 1991 
650 0 |a Calidad de la educación   |9 307271 
650 0 |a Formación profesional de profesores  |9 307493 
583 |a last modification  |c 19920914 00:00:00  |k Rodrigo Vera 
999 |c 220017  |d 220015 
952 |0 0  |1 0  |4 0  |6 371_100000000000000_CER_1991  |7 0  |8 A  |9 211736  |a BIBEDU  |b BIBEDU  |d 2019-11-15  |i 2798751  |o 371.1 CER 1991  |p 2798751  |r 2019-11-15  |w 2019-11-15  |y BK  |k EDU 
952 |0 0  |1 0  |4 0  |6 371_100000000000000_CER_1991  |7 0  |8 A  |9 211737  |a BIBTEO  |b BIBTEO  |d 2019-11-15  |i 279876K  |o 371.1 CER 1991  |p 279876K  |r 2025-01-17  |w 2019-11-15  |y BK  |k ICR 
952 |0 0  |1 0  |4 0  |6 371_100000000000000_CER_1991  |7 0  |8 A  |9 211738  |a BIBEDU  |b BIBEDU  |d 2019-11-15  |i 3832112  |o 371.1 CER 1991  |p 3832112  |r 2019-11-15  |w 2019-11-15  |y BK  |k BME